| 000 | 00410 a2200145 4500 | ||
|---|---|---|---|
| 001 | 170377 | ||
| 020 | _a | ||
| 040 | _cMagnum | ||
| 100 | _aMinisterio da Educacao e do Desporto | ||
| 240 | 1 | 0 |
_aSinopse estatistica/1996 - maranhao/piaui/cesra/rgnorte/paraiba/bahia _lpor |
| 245 | 1 | 0 | _aSinopse estatistica/1996 - maranhao/piaui/cesra/rgnorte/paraiba/bahia |
| 362 | 0 | _a1899 | |
| 697 | _aENSINO | ||
| 942 | _cBK | ||
| 999 |
_c170377 _d170377 |
||